Personnages Dragon Ball Super - Statistiques

Statistiques générales
  • Ce quiz a été pris 455 fois
    452 depuis la dernière actualisation
  • Le résultat moyen est 37 sur 143
Statistiques - réponses
Hint Réponse % Correct
Héro principal Son Goku
100%
Fils ainé du héros Son Gohan
99%
Rival du héros Vegeta
99%
Femme du rival Bulma
98%
Fils cadet du héros Son Goten
97%
Fils du rival Trunks
97%
Femme du héros Chi chi
96%
Dieu de la destruction de l'univers 7 Beerus
91%
Maître de l'ainé Piccolo
88%
Fusion des deux enfants Gotenks
87%
Ange du dieu de la destruction de l'univers 7 Whis
87%
Meilleur ami du héros Krilin
86%
Fille de l'ainé Pan
86%
Femme de l'ami du héros C-18
85%
Femme de l'ainé Videl
85%
Ennemi de retour Freezer
81%
Fille du rival Bra
76%
Héro de la Terre Mr Satan
76%
Maître de la galaxie de l'est Kaio
75%
Dieu des univers Zen'o
74%
Dieu de la destruction de l'Univers 6 Champa
73%
Assassin de l'Univers 6 Hit
73%
Guerrier de l'Univers 11 Jiren
70%
Démon résigné Buu
65%
Apprenti Kaioshin de l'Univers 10 Zamasu
63%
Méchant du futur Black Goku
61%
Ange du dieu de la destruction de l'Univers 6 Vados
58%
Fille de l'ami Marron
57%
Fusion des deux héros Vegetto
57%
Guerrier de l'Univers 7 C-17
56%
Guerrier de l'Univers 11 Toppo
56%
Saiyan de l'Univers 6 Kyabe
54%
Kaio suprême Kaioshin
52%
Père des anges Grand Prêtre
50%
Patrouilleur galactique Jaco
50%
Camarade féminine de cet ennemi Mai
50%
Guerrier du froid de l'Univers 6 Frost
46%
Guerrier de l'Univers 6 Kale
45%
Guerrier de l'Univers 6 (Fusion) Kefla
44%
Guerrier de l'Univers 6 Caulifla
39%
Dieu de la destruction de l'Univers 12 Gin
36%
Guerrier de l'Univers 7 Ten Shin Han
35%
Guerrier de l'Univers 7 Tortue Géniale
35%
Guerrier de l'Univers 11 Dispo
34%
Serviteur du Kaio suprême Kibito
33%
Premier ennemi de Goku Pilaf
32%
Guerrier de l'Univers 4 Monna
31%
Prophète du dieu de la destruction Poisson-oracle
28%
Ours jaune de l'Univers 6 Botamo
27%
Kaioshin de l'Univers 10 Gowasu
27%
Guerrier le plus puissant de l'Univers 7 Monaka
27%
Dieu de la destruction de l'Univers 11 Vermoudh
26%
Doyen des Kaios Vieux Kaio
26%
Fusion de deux méchants Zamasu Fusionné
24%
Guerrier de l'Univers 9 Bergamo
20%
Guerrier de métal de l'Univers 6 Magetta
20%
Dieu de la destruction de l'Univers 4 Quitela
18%
Camarade canidé de cet ennemi Shu
18%
Guerrier de l'Univers 9 Basil
15%
Ange du dieu de la destruction de l'Univers 11 Marcarita
13%
Dieu de la destruction de l'Univers 9 Sidra
13%
Dieu de la destruction de l'Univers 5 Arak
12%
Dieu de la destruction de l'Univers 8 Liquir
12%
Commandant de sa flotte Sorbet
12%
Ange du dieu de la destruction de l'Univers 10 Cus
11%
Dieu de la destruction de l'Univers 10 Rhumush
10%
Guerrier de sa flotte Tagoma
10%
Dieu de la destruction de l'Univers 2 Jerez
9%
Oracle de l'univers Zuno
9%
Dieu de la destruction de l'Univers 1 Iwan
8%
Guerrier de l'Univers 9 Lavender
8%
Ange du dieu de la destruction de l'Univers 9 Mojito
8%
Guerrier de l'Univers 2 Brianne de Chateau
7%
Dieu de la destruction de l'Univers 3 Moscow
7%
Guerrier de l'Univers 6 Saonel
7%
Ange du dieu de la destruction de l'Univers 2 Sour
7%
Ange du dieu de la destruction de l'Univers 1 Awamo
6%
Guerrier de l'Univers 11 Cocotte
6%
Guerrier de l'Univers 6 Dr Rota
6%
Ange du dieu de la destruction de l'Univers 12 Martine
6%
Guerrier de sa flotte Shisami
6%
Ange du dieu de la destruction de l'Univers 3 Campari
5%
Ange du dieu de la destruction de l'Univers 4 Cognic
5%
Ange du dieu de la destruction de l'Univers 8 Korn
5%
Guerrier de l'Univers 6 Pilina
5%
Guerrier de l'Univers 2 Sanka Ku
4%
Guerrier de l'Univers 2 Su Roas
4%
Guerrier de l'Univers 11 Tupper
4%
Guerrier de l'Univers 11 Casserale
3%
Guerrier de l'Univers 4 Caway
3%
Guerrier de l'Univers 4 Ganos
3%
Guerrier de l'Univers 9 Hop
3%
Guerrier de l'Univers 2 Jimizu
3%
Guerrier de l'Univers 10 Napapa
3%
Guerrier de l'Univers 2 Prum
3%
Guerrier de l'Univers 2 Rabanra
3%
Guerrier de l'Univers 2 Zirloin
3%
Guerrier de l'Univers 3 Biarra
2%
Guerrier de l'Univers 2 Bikal
2%
Ange du dieu de la destruction de l'Univers 5 Caktail
2%
Guerrier de l'Univers 9 Comfrey
2%
Guerrier de l'Univers 4 Damom
2%
Guerrier de l'Univers 4 Gammisalas
2%
Guerrier de l'Univers 2 Hamira
2%
Guerrier de l'Univers 9 Hyssop
2%
Guerrier de l'Univers 11 Kettle
2%
Guerrier de l'Univers 11 K'nsi
2%
Guerrier de l'Univers 3 Koitsukai
2%
Guerrier de l'Univers 10 Lirybeu
2%
Guerrier de l'Univers 3 Maji Kayo
2%
Guerrier de l'Univers 4 Marjora
2%
Guerrier de l'Univers 10 Methiop
2%
Guerrier de l'Univers 10 Mulithim
2%
Guerrier de l'Univers 10 Murisam
2%
Guerrier de l'Univers 4 Ninku
2%
Guerrier de l'Univers 10 Obni
2%
Guerrier de l'Univers 9 Oregano
2%
Guerrier de l'Univers 3 Papperoni
2%
Habitant de la planète Potaufeu Potage
2%
Guerrier de l'Univers 9 Roselle
2%
Guerrier de l'Univers 10 Rubalt
2%
Guerrier de l'Univers 3 Sa-Priccio
2%
Guerrier de l'Univers 4 Shôsa
2%
Guerrier de l'Univers 10 Sium
2%
Guerrier de l'Univers 9 Sorrel
2%
Guerrier de l'Univers 11 Veon
2%
Guerrier de l'Univers 2 Zabuto
2%
Guerrier de l'Univers 10 Zircol
2%
Guerrier de l'Univers 11 Zoire
2%
Guerrier de l'Univers 3 (Fusion) Agnilasa
1%
Guerrier de l'Univers 3 Boraleta
1%
Guerrier de l'Univers 3 Catopesra
1%
Guerrier de l'Univers 9 Chevil
1%
Guerrier de l'Univers 4 Dercori
1%
Guerrier de l'Univers 10 Dyrasen
1%
Criminel galactique Gryll
1%
Guerrier de l'Univers 3 (Fusion) Koitchiaretta
1%
Enfant du futur Maki
1%
Guerrier de l'Univers 3 Narirama
1%
Guerrier de l'Univers 3 Panzia
1%
Guerrier de l'Univers 4 Xiangca
1%
Enfant du futur Haru
0%
Guerrier de l'Univers 3 Nirgrissi
0%
Aucun quiz correspondant
Distribution des résultats
% des personnes avec chaque résultat
Percentile par nombre de réponses
Votre historique - résultats
Vous n’avez pas pris ce quiz depuis la dernière actualisation